000 00286nam a2200121Ia 4500
008 190216s9999||||xx |||||||||||||| ||und||
100 _aJayaprakas Khardham
245 0 _aHindi-Goonga Nahin Dha Meim
260 _bSagar Prakashan
_c2006
300 _a80
650 _aHindi
942 _cBK
999 _c16505
_d16505